[Event "Druzynowe Mistrzostwa Polski - II liga"]
[Site "Sypniewo k. Jastrowia"]
[Date "1899-12-30"]
[Round "7.17"]
[White "Maka, Marcin"]
[Black "Rosicki, Marcin"]
[Result "0-1"]
[WhiteTitle "k"]
[BlackTitle "I++"]
[WhiteElo "2086"]
[BlackElo "2009"]

1. e4 e5 2. Nf3 Nc6 3. Bb5 a6 4. Ba4 Nf6 5. d3 b5 6. Bb3 Bb7 7. c3 d5 8. Qe2 dxe4
9. dxe4 h6 10. a4 Bc5 11. O-O O-O 12. axb5 axb5 13. Rxa8 Qxa8 14. Qxb5 Bb6 15.
Nxe5 Nxe5 16. Qxe5 Re8 17. Qg3 Nxe4 18. Qg6 Bd5 19. Bxd5 Qxd5 20. Qg4 Nxf2 21.
Qf3 Nh3+ 22. Kh1 Qxf3 23. gxf3 Re2 24. Na3 g5 25. Nc4 Bg1 26. Rxg1 Nxg1 27. Kxg1
Re1+ 28. Kf2 Rxc1 29. Ke3 Rh1 30. b4 Rxh2 31. Ne5 Rb2 32. Kd4 h5 33. Ke4 Re2+
34. Kd4 0-1

[Event "Druzynowe Mistrzostwa Polski - II liga"]
[Site "Sypniewo k. Jastrowia"]
[Date "1899-12-30"]
[Round "7.18"]
[White "Guzik, Jolanta"]
[Black "Fraczek, Weronika"]
[Result "1/2-1/2"]
[WhiteTitle "WFM"]
[BlackTitle "k++"]
[WhiteElo "1979"]
[BlackElo "1830"]

1. d4 Nf6 2. c4 e6 3. Nc3 Bb4 4. Nf3 O-O 5. e3 Ne4 6. Qc2 f5 7. Bd3 Ng5 8. Nxg5
Qxg5 9. O-O c5 10. a3 Bxc3 11. Qxc3 Qf6 12. b4 b6 13. Bb2 cxd4 14. Qxd4 Qxd4 15.
Bxd4 Nc6 16. Bb2 Bb7 17. Rfd1 d6 18. Be2 Rad8 19. Bf3 g5 20. Rac1 Kf7 21. Rc2
Ke7 22. h3 Rd7 23. Rcd2 Rfd8 24. Bc3 Nb8 25. Be2 Nc6 26. f4 Rg8 27. Bf3 gxf4 28.
exf4 Nd8 29. Kf2 h5 30. c5 Bxf3 31. cxd6+ Rxd6 32. Rxd6 Bxd1 33. Rxd1 Nf7 34.
b5 e5 35. Bxe5 Nxe5 36. Re1 Rc8 37. Rxe5+ Kf6 38. Re3 h4 39. g3 Rc5 40. Rb3 Rc2+
41. Kf3 Rh2 42. Rc3 Rxh3 43. Kg2 Rxg3+ 44. Rxg3 hxg3 45. Kxg3 Kg6 46. Kf3 Kh5
47. Kg3 Kg6 1/2-1/2

[Event "Druzynowe Mistrzostwa Polski - II liga"]
[Site "Sypniewo k. Jastrowia"]
[Date "1899-12-30"]
[Round "7.19"]
[White "Brzezinski, Mateusz"]
[Black "Kempinski, Tomasz"]
[Result "0-1"]
[WhiteTitle "k"]
[BlackTitle "FM"]
[WhiteElo "2189"]
[BlackElo "2161"]

1. d4 g6 2. c4 Nf6 3. Nc3 d5 4. cxd5 Nxd5 5. e4 Nxc3 6. bxc3 Bg7 7. Nf3 O-O 8.
Be2 c5 9. O-O Bg4 10. Be3 cxd4 11. cxd4 Nc6 12. d5 Bxf3 13. gxf3 Na5 14. Rc1 Qd6
15. f4 Rfd8 16. Qa4 b6 17. Rfd1 e5 18. dxe6 Qxe6 19. Rxd8+ Rxd8 20. Rc7 g5 21.
f5 Qh6 22. Rd7 Rc8 23. Re7 Nc6 24. Ba6 Rd8 25. f6 Qh5 26. Re8+ Rxe8 27. Qxc6 Rd8
28. Bc8 Qf3 0-1

[Event "Druzynowe Mistrzostwa Polski - II liga"]
[Site "Sypniewo k. Jastrowia"]
[Date "1899-12-30"]
[Round "7.20"]
[White "Rusiniak, Slawomir"]
[Black "Kujawski, Adam"]
[Result "1/2-1/2"]
[WhiteTitle "I++"]
[BlackTitle "FM"]
[WhiteElo "2110"]
[BlackElo "2239"]

1. d4 Nf6 2. Nf3 c5 3. c3 d5 4. Bf4 Nc6 5. e3 Qb6 6. Qb3 c4 7. Qc2 Bf5 8. Qc1 Nh5
9. Nbd2 Nxf4 10. exf4 e6 11. Be2 Be7 12. O-O Qa5 13. Ne5 Nxe5 14. fxe5 h6 15.
Bd1 b5 16. a3 O-O 17. Bc2 Qb6 18. Bxf5 exf5 19. Qb1 g6 20. b4 a5 21. Qb2 Qc6 22.
f4 Ra6 23. Nf3 Qe6 24. Rfb1 axb4 25. axb4 Rfa8 26. Rxa6 Qxa6 27. Ne1 g5 28. g3
gxf4 29. gxf4 Kh7 30. Ng2 Qg6 31. Qe2 Ra3 32. Rc1 Qa6 33. Qc2 Qg6 34. Qe2 Qa6
35. Qh5 Kg8 36. Qxf5 Rxc3 37. Qg4+ Kh7 38. Qf5+ Kg7 39. Qg4+ Kh8 40. Rxc3 Qa1+
41. Kf2 Qxc3 42. f5 Qd2+ 43. Kf1 Qd3+ 44. Kf2 Bxb4 45. f6 Qd2+ 46. Kf1 Qg5 47.
Qc8+ Kh7 48. Qd7 Qc1+ 49. Kf2 Qd2+ 50. Kf3 Qd1+ 51. Kg3 Qd3+ 52. Kg4 Qe2+ 53.
Kg3 Qd3+ 54. Kg4 Qg6+ 55. Kf3 Bd2 56. Qxd5 c3 57. Nh4 Qd3+ 58. Kg4 Qe2+ 59. Kh3
Qf1+ 60. Kg4 Qe2+ 61. Kh3 Qf1+ 62. Kg4 Qc4 63. Qe4+ Kh8 64. Qa8+ Kh7 65. Qe4+
Kh8 66. Qa8+ Kh7 67. Qe4+ Kh8 68. Nf5 c2 69. Ne7 1/2-1/2

[Event "Druzynowe Mistrzostwa Polski - II liga"]
[Site "Sypniewo k. Jastrowia"]
[Date "1899-12-30"]
[Round "7.21"]
[White "Robak, Zbigniew"]
[Black "Walkusz, Witoslaw"]
[Result "1/2-1/2"]
[WhiteTitle "m"]
[BlackTitle "FM"]
[WhiteElo "2217"]
[BlackElo "2015"]

1. d4 f5 2. Nc3 Nf6 3. Bg5 e6 4. e4 fxe4 5. Nxe4 Be7 6. Bxf6 Bxf6 7. Nf3 d6 8.
c3 Nc6 9. Bd3 Qe7 10. Qc2 Bd7 11. O-O-O 1/2-1/2

[Event "Druzynowe Mistrzostwa Polski - II liga"]
[Site "Sypniewo k. Jastrowia"]
[Date "1899-12-30"]
[Round "7.22"]
[White "Przybylak, Lukasz"]
[Black "Mazalon, Mariusz"]
[Result "1/2-1/2"]
[WhiteTitle "I"]
[BlackTitle "k"]
[WhiteElo "1858"]
[BlackElo "2013"]

1. e4 c5 2. Nc3 a6 3. g3 b5 4. Bg2 Bb7 5. d3 e6 6. Qe2 Nc6 7. f4 d6 8. Nf3 Nf6
9. h3 Be7 10. O-O Qc7 1/2-1/2

[Event "Druzynowe Mistrzostwa Polski - II liga"]
[Site "Sypniewo k. Jastrowia"]
[Date "1899-12-30"]
[Round "7.23"]
[White "Skowronski, Piotr"]
[Black "Polarczyk, Pawel"]
[Result "1/2-1/2"]
[WhiteTitle "I+"]
[BlackTitle "II+"]
[WhiteElo "2000"]
[BlackElo "1803"]

1. c4 Nf6 2. Nc3 g6 3. g3 Bg7 4. Bg2 O-O 5. e4 e5 6. Nge2 d6 7. O-O c6 8. d4 Nbd7
9. h3 Re8 10. Be3 b6 11. b3 Bb7 12. dxe5 dxe5 13. Qc2 Qe7 14. a4 a5 15. Nc1 Nc5
16. Rd1 Red8 17. Nd3 Nfd7 18. Nxc5 Nxc5 19. Rxd8+ Rxd8 20. Rd1 Bf8 21. Kh2 Rxd1
22. Qxd1 Qd6 23. Qxd6 Bxd6 24. Bxc5 Bxc5 25. f4 f6 26. fxe5 fxe5 27. h4 Bb4 28.
Nd1 Bc5 29. Nb2 Kf7 30. Nd3 Bd6 31. Kg1 Kf6 32. Kf2 Bc8 33. Bf3 Be6 34. Bd1 h6
35. g4 Bd7 36. Kf3 Be6 37. Kg3 Bd7 38. Ne1 Be6 39. Nf3 Kf7 40. g5 h5 41. Ne1 Bd7
42. Nd3 Be6 43. Be2 Ke7 44. Kf2 Bh3 45. Kg3 Be6 46. Bf1 Bg4 47. Nf2 Be6 48. Nd3
Bg4 49. Nf2 Be6 50. Be2 Bb4 51. Nd3 Bd6 52. Kf2 Bh3 53. Ke3 Be6 54. Kd2 Bh3 55.
Bf3 Be6 56. Kc3 Kd7 57. b4 axb4+ 58. Nxb4 Bxb4+ 59. Kxb4 Kd6 60. Be2 c5+ 61. Kb3
Kc6 62. Ka3 Bg4 63. Bd3 Bd1 64. Bf1 Bf3 65. Bd3 Bd1 66. Bf1 Bc2 67. Bg2 Bd3 68.
Kb3 Kb7 69. Kc3 Bb1 70. Bf3 Kc6 71. Kb2 Bd3 72. Kc3 Bb1 1/2-1/2

[Event "Druzynowe Mistrzostwa Polski - II liga"]
[Site "Sypniewo k. Jastrowia"]
[Date "1899-12-30"]
[Round "7.24"]
[White "Filipska, Maja"]
[Black "Kindler, Karolina"]
[Result "1-0"]
[WhiteTitle "I++"]
[BlackTitle "I++"]
[WhiteElo "1886"]
[BlackElo "1805"]

1. e4 c5 2. Nf3 d6 3. d4 cxd4 4. Nxd4 Nf6 5. Nc3 g6 6. Be3 Bg7 7. f3 O-O 8. Bc4
Nc6 9. Qd2 Bd7 10. O-O-O Rc8 11. Bb3 Ne5 12. h4 h5 13. Bh6 Nc4 14. Bxc4 Rxc4 15.
Bxg7 Kxg7 16. g4 b5 17. gxh5 Nxh5 18. Rdg1 b4 19. Nce2 Qa5 20. Kb1 Rfc8 21. Rg5
e5 22. Rxh5 gxh5 23. Rg1+ Kf8 24. Qh6+ Ke7 25. Qg5+ Kf8 26. Qf6 Qc7 27. Rg7 Bf5
28. Nxf5 Rxc2 29. Rg8+ Kxg8 30. Qg7# 1-0

[Event "Druzynowe Mistrzostwa Polski - II liga"]
[Site "Sypniewo k. Jastrowia"]
[Date "1899-12-30"]
[Round "7.25"]
[White "Kozlowski, Michal"]
[Black "Szymanski, Piotr"]
[Result "1/2-1/2"]
[WhiteTitle "I++"]
[BlackTitle "CM"]
[WhiteElo "2032"]
[BlackElo "2219"]

1. e4 g6 2. d4 Bg7 3. Nc3 d6 4. f4 a6 5. Nf3 b5 6. Bd3 Bb7 7. O-O Nd7 8. e5 e6
9. Ne4 Nb6 10. c3 Ne7 11. Qe1 Nf5 12. b3 Nd5 13. g4 Nfe7 14. c4 bxc4 15. bxc4
Nb6 16. Ba3 Bxe4 17. Bxe4 d5 18. cxd5 Nbxd5 19. f5 gxf5 20. Bxe7 Nxe7 21. Bxa8
Qxa8 22. gxf5 Nxf5 23. Rb1 O-O 24. Qe2 Bh6 25. Rb3 Kh8 26. Rd1 Qd5 27. Kh1 Rg8
28. Rc3 Qb7 29. Rb3 Qd5 30. Rc3 Qb7 31. Rb3 Qd5 1/2-1/2

[Event "Druzynowe Mistrzostwa Polski - II liga"]
[Site "Sypniewo k. Jastrowia"]
[Date "1899-12-30"]
[Round "7.26"]
[White "Najbar, Marcin"]
[Black "Kitewski, Bartosz"]
[Result "1/2-1/2"]
[WhiteTitle "k++"]
[BlackTitle "I"]
[WhiteElo "2246"]
[BlackElo "1807"]

1. g3 Nf6 2. Bg2 d5 3. Nf3 Nbd7 4. O-O e5 5. d3 Bd6 6. Nbd2 O-O 7. e4 c6 8. Re1
dxe4 9. dxe4 Nc5 10. Nc4 Ncxe4 11. Nxd6 Qxd6 12. Qxd6 Nxd6 13. Nxe5 h6 14. b3
Bf5 15. c4 Rfd8 16. Bb2 a5 17. Rad1 a4 18. b4 a3 19. Bd4 Nde4 20. f3 Ng5 21. h4
Ne6 22. Bb6 Rxd1 23. Rxd1 Ra4 24. Bc5 Nxc5 25. bxc5 Kf8 26. g4 Bc2 27. Rd8+ Ke7
28. Rb8 Ke6 29. f4 Bb1 30. Rxb7 Bxa2 31. Bxc6 Bb3 32. Bxa4 a2 33. Bd7+ Nxd7 34.
Ra7 Nxc5 35. Nc6 Ba4 36. Nd4+ Kd6 37. Nf5+ Kc6 38. Ne7+ Kb6 39. Nc8+ Kc6 40. Ne7+
Kd6 41. Nf5+ Ke6 42. Nd4+ Kf6 43. Nc2 Bxc2 44. Rxa2 Bb3 45. Ra5 Nd3 46. Ra6+ Ke7
47. Ra7+ Ke8 48. Ra8+ Ke7 49. Ra7+ Ke8 50. Ra8+ Ke7 1/2-1/2

[Event "Druzynowe Mistrzostwa Polski - II liga"]
[Site "Sypniewo k. Jastrowia"]
[Date "1899-12-30"]
[Round "7.27"]
[White "Slawinski, Miroslaw"]
[Black "Krzywda, Andrzej"]
[Result "0-1"]
[WhiteTitle "k"]
[BlackTitle "CM"]
[WhiteElo "2035"]
[BlackElo "2076"]

1. d4 Nf6 2. Nf3 c5 3. e3 g6 4. Be2 Bg7 5. b3 O-O 6. Bb2 d5 7. Nbd2 cxd4 8. exd4
Nc6 9. Ne5 Qc7 10. f4 Bf5 11. g4 Nxe5 12. dxe5 Bxc2 13. Rc1 Bxd1 14. Rxc7 Ne8
15. Rxe7 Bxe2 16. Kxe2 f5 17. g5 Rf7 18. Rxf7 Kxf7 19. Rc1 Rd8 20. Nf3 Rd7 21.
Nd4 Rc7 22. Rh1 Bf8 23. h4 Ng7 24. Kd3 a6 25. h5 Nxh5 26. Rxh5 gxh5 27. Nxf5 h6
28. gxh6 Kg6 29. Ne3 h4 30. f5+ Kxh6 31. e6 Kg5 32. Be5 Rc6 33. Kd4 h3 34. Nxd5
Kxf5 35. e7 Rc8 36. exf8=Q+ Rxf8 37. Bh2 Rd8 38. Kc5 Ke4 39. Nf6+ Kf3 40. Kb6
Rd2 41. Bc7 Rc2 42. Bb8 Rc6+ 43. Kxb7 Rxf6 44. b4 Rf4 0-1

[Event "Druzynowe Mistrzostwa Polski - II liga"]
[Site "Sypniewo k. Jastrowia"]
[Date "1899-12-30"]
[Round "7.28"]
[White "Chojnacki, Slawomir"]
[Black "Strepikowski, Pawel"]
[Result "1-0"]
[WhiteTitle "CM"]
[BlackTitle "I"]
[WhiteElo "2150"]
[BlackElo "1773"]

1. Nf3 Nf6 2. b3 g6 3. Bb2 Bg7 4. g3 O-O 5. Bg2 d6 6. O-O e5 7. c4 Nbd7 8. d4 exd4
9. Nxd4 Re8 10. Nc3 c6 11. Qc2 Nc5 12. Rad1 Qb6 13. Rd2 Bh6 14. e3 Bd7 15. Ba1
Rad8 16. Qb2 Bg7 17. Qb1 Bc8 18. h3 a5 19. Rfd1 Qc7 20. a3 h5 21. b4 axb4 22.
axb4 Ncd7 23. b5 c5 24. b6 Qxb6 25. Ndb5 Ne5 26. Rxd6 Qa5 27. Nd5 Nxd5 28. Bxd5
Bf5 29. e4 Be6 30. Bxe6 fxe6 31. Bxe5 Bxe5 32. Rxd8 Rxd8 33. Rxd8+ Qxd8 34. Qc2
h4 35. Kg2 hxg3 36. fxg3 Kg7 37. h4 Qd7 38. Qe2 Qd8 39. Kh3 Qf6 40. Na3 g5 41.
hxg5 Qxg5 42. Qg4 Kf6 43. Qxg5+ Kxg5 44. Nb1 Kf6 45. Nd2 Ke7 46. Nf3 Kd6 47. g4
b5 48. cxb5 Bh8 49. Nd2 c4 50. Nxc4+ Kc5 51. b6 Kxc4 52. b7 Be5 53. g5 Kd4 54.
g6 Kxe4 55. g7 Bxg7 56. b8=Q Bd4 57. Kg4 e5 58. Qb3 Be3 59. Qc2+ Kd4 60. Kf3 Bf4
61. Qd1+ Kc4 62. Ke4 1-0

[Event "Druzynowe Mistrzostwa Polski - II liga"]
[Site "Sypniewo k. Jastrowia"]
[Date "1899-12-30"]
[Round "7.29"]
[White "Taranowicz, Michal"]
[Black "Szajda, Marcin"]
[Result "1/2-1/2"]
[WhiteTitle "I+"]
[BlackTitle "I++"]
[WhiteElo "1855"]
[BlackElo "1936"]

1. e4 e5 2. Nc3 Nf6 3. f4 d5 4. fxe5 Nxe4 5. Qf3 f5 6. d3 Nxc3 7. bxc3 d4 8. Qg3
Nc6 9. Be2 Qd5 10. Bf4 Bd7 11. Bf3 Qa5 12. Ne2 O-O-O 13. O-O dxc3 14. d4 Nb4 15.
a3 Nd5 16. Bxd5 Qxd5 17. Qxc3 Bc6 18. Rf2 h6 19. Qh3 g6 20. c3 Be7 21. Nc1 Rdf8
22. Nd3 g5 23. Bd2 g4 24. Qg3 h5 25. Nf4 Qg8 26. Qe3 b6 27. Be1 h4 28. Rc2 Be4
29. Rcc1 Rd8 30. Qe2 Kb8 31. Bd2 Bg5 32. a4 Bxf4 33. Bxf4 h3 34. g3 Bb7 35. Qa2
Qe8 36. Qc4 Bd5 37. Qd3 Be4 38. Qd2 Qd7 39. Qb2 Bb7 40. Qb5 Bc6 41. Qc4 Bd5 42.
Qe2 Bb7 43. Qb5 Qe6 44. Kf2 a6 45. Qe2 Qd5 46. Ra2 Rhe8 47. Rd2 Qg2+ 48. Ke3 Qe4+
49. Kf2 Qg2+ 50. Ke3 Qe4+ 51. Kf2 Qg2+ 52. Ke1 Qh1+ 53. Qf1 Qc6 54. Qe2 Qh1+ 55.
Qf1 Qc6 56. Qe2 Qh1+ 57. Qf1 1/2-1/2

[Event "Druzynowe Mistrzostwa Polski - II liga"]
[Site "Sypniewo k. Jastrowia"]
[Date "1899-12-30"]
[Round "7.30"]
[White "Cyboran, Katarzyna"]
[Black "Zarebska, Lena"]
[Result "0-1"]
[WhiteTitle "I++"]
[BlackTitle "k"]
[WhiteElo "1773"]
[BlackElo "1910"]

1. e4 c5 2. Nf3 Nc6 3. d3 g6 4. g3 Bg7 5. Bg2 d6 6. O-O e5 7. Nc3 Nge7 8. Nd2 Be6
9. Re1 O-O 10. Nc4 f5 11. Ne3 f4 12. Ned5 g5 13. Nxe7+ Qxe7 14. g4 h5 15. h3 hxg4
16. hxg4 Nd4 17. f3 Bxg4 18. Nd5 Qd7 19. c3 Nxf3+ 20. Bxf3 Be6 21. Rf1 g4 22.
Bh1 Bxd5 23. exd5 Rf6 24. Kf2 Kf7 25. Rg1 g3+ 26. Ke2 Qh3 27. Bf3 Qf5 28. Kd2
Rh8 29. Kc2 Rh2+ 30. Bd2 c4 31. Be4 cxd3+ 32. Kxd3 Qh3 33. Qf1 g2+ 34. Qf3 Qd7
35. Kc2 Rh3 36. Qxg2 Rg3 37. Qh1 Rh6 38. Qxh6 Qa4+ 39. b3 Qxe4+ 40. Kb2 Bxh6 41.
Rxg3 fxg3 42. Bxh6 Kg6 43. Bd2 Qxd5 44. Kc2 Qe4+ 45. Kb2 Qd3 0-1

[Event "Druzynowe Mistrzostwa Polski - II liga"]
[Site "Sypniewo k. Jastrowia"]
[Date "1899-12-30"]
[Round "7.31"]
[White "Nowak, Kamil"]
[Black "Piesik, Piotr"]
[Result "1/2-1/2"]
[WhiteTitle "m"]
[BlackTitle "IM"]
[WhiteElo "2318"]
[BlackElo "2404"]

1. e4 c6 2. d4 d5 3. Nc3 dxe4 4. Nxe4 Nd7 5. Ng5 Ngf6 6. Bd3 e6 7. N1f3 Bd6 8.
Qe2 h6 9. Ne4 Nxe4 10. Qxe4 Qc7 11. Qg4 Kf8 12. O-O b6 13. b3 Nf6 14. Qh4 Bb7
15. Bb2 Nd5 16. Ne5 c5 17. Rfe1 g5 18. Qg4 Bxe5 19. Rxe5 Nf4 20. dxc5 Rg8 21.
cxb6 axb6 22. a4 Ra5 23. Rae1 Bxg2 24. Ba3+ Kg7 25. Bb2 Kf8 26. Ba3+ Kg7 27. Bb2
1/2-1/2

[Event "Druzynowe Mistrzostwa Polski - II liga"]
[Site "Sypniewo k. Jastrowia"]
[Date "1899-12-30"]
[Round "7.32"]
[White "Klepek, Witold"]
[Black "Daniel, Damian"]
[Result "1/2-1/2"]
[WhiteTitle "k++"]
[BlackTitle "CM"]
[WhiteElo "2103"]
[BlackElo "2165"]

1. e4 c6 2. Nf3 d5 3. d3 g6 4. e5 Bg4 5. Nbd2 Nd7 6. h3 Bxf3 7. Nxf3 e6 8. d4 Ne7
9. Be2 c5 10. c3 Nc6 11. O-O Rc8 12. Be3 cxd4 13. cxd4 Qb6 14. Qd2 Bb4 15. Qd3
Be7 16. Bh6 Bf8 17. Bxf8 Kxf8 18. Rfc1 Kg7 19. a3 Ne7 20. b4 Rxc1+ 21. Rxc1 Rc8
22. Rxc8 Nxc8 23. Qc3 Ne7 24. b5 Qd8 25. g4 Nb6 26. Qc5 Nec8 27. Ne1 Nd7 28. Qc3
Ncb6 29. Qa5 Qc8 30. Nf3 Qc1+ 31. Kg2 Nc8 32. Qd8 Ncb6 33. Qe7 h6 34. g5 h5 35.
Bd3 Qc8 36. Qb4 Qc1 37. a4 Qd1 38. a5 Qxd3 39. axb6 Nxb6 40. Qa5 Qc4 41. Qxa7
Qxb5 42. Qxb7 Qb2 43. Qe7 Nc4 44. Qf6+ Kg8 45. Qd8+ Kg7 46. Qf6+ 1/2-1/2

[Event "Druzynowe Mistrzostwa Polski - II liga"]
[Site "Sypniewo k. Jastrowia"]
[Date "1899-12-30"]
[Round "7.33"]
[White "Stankiewicz, Pawel"]
[Black "Gola, Karol"]
[Result "1/2-1/2"]
[WhiteTitle "k"]
[BlackTitle "k"]
[WhiteElo "2104"]
[BlackElo "2174"]

1. Nf3 d5 2. g3 Nf6 3. Bg2 e6 4. O-O Bd6 5. d3 O-O 6. Nbd2 e5 7. e4 c6 8. Re1 Re8
9. c3 Nbd7 10. Qc2 Qc7 11. Nf1 b6 12. Ne3 a5 13. Nf5 Bf8 14. h3 dxe4 15. dxe4
Nc5 16. N3h4 Ba6 17. Bg5 Bd3 18. Qd1 Nfxe4 19. Be3 Rad8 20. Qf3 Nf6 21. Qxc6 Qxc6
22. Bxc6 Re6 23. Bg2 Nd5 24. Rad1 Nxe3 25. Rxe3 Ree8 26. b4 Bxf5 1/2-1/2

[Event "Druzynowe Mistrzostwa Polski - II liga"]
[Site "Sypniewo k. Jastrowia"]
[Date "1899-12-30"]
[Round "7.34"]
[White "Kalmuk, Krzysztof"]
[Black "Borowski, Przemyslaw"]
[Result "1-0"]
[WhiteTitle "I++"]
[BlackTitle "I"]
[WhiteElo "1983"]
[BlackElo "1863"]

1. c4 e5 2. Nc3 Nc6 3. g3 g6 4. Bg2 Bg7 5. d3 Nge7 6. Rb1 O-O 7. b4 Nd4 8. e3 Ne6
9. Nge2 f5 10. Qb3 g5 11. c5 Kh8 12. Qc4 Ng6 13. Bb2 f4 14. Be4 c6 15. Kd2 d5
16. cxd6 Qxd6 17. h4 Nc7 18. hxg5 Be6 19. Qc5 Qd7 20. Bxg6 b6 21. Rxh7+ Kg8 22.
Qxe5 Bxe5 23. Rxd7 fxe3+ 24. Kxe3 Bxd7 25. f4 Bg7 26. a3 Rad8 27. Ne4 Bxb2 28.
Rxb2 Nd5+ 29. Kf3 Kg7 30. Bh5 Rh8 31. g4 Be8 32. N2g3 Bxh5 33. gxh5 Rhf8 34. f5
Nc7 35. Rd2 Ne6 36. Kg4 Nd4 37. h6+ 1-0

[Event "Druzynowe Mistrzostwa Polski - II liga"]
[Site "Sypniewo k. Jastrowia"]
[Date "1899-12-30"]
[Round "7.35"]
[White "Szmyd, Marek"]
[Black "Kukula, Karol"]
[Result "1/2-1/2"]
[WhiteTitle "k"]
[BlackTitle "I+"]
[WhiteElo "1897"]
[BlackElo "1821"]

1. Nf3 Nf6 2. c4 e6 3. Nc3 Bb4 4. d4 b6 5. e3 Bb7 6. Be2 O-O 7. O-O Bxc3 8. bxc3
Ne4 9. Qc2 f5 10. Nd2 Nxd2 11. Bxd2 d6 12. Bd3 Nd7 13. e4 fxe4 14. Bxe4 Bxe4 15.
Qxe4 e5 16. Qg4 exd4 17. Bg5 Nf6 18. Qe6+ Kh8 19. cxd4 Qd7 20. Qxd7 Nxd7 21. Rfe1
Rfe8 22. Re3 h6 23. Bh4 Rxe3 24. fxe3 Re8 25. Kf2 g5 26. Bg3 Nf6 27. Re1 Kg7 28.
Ke2 h5 29. h3 Ne4 30. Bh2 Kg6 31. Kd3 g4 32. hxg4 Nf2+ 33. Ke2 Nxg4 34. Bf4 Nf6
35. Kf3 Ne4 36. Rc1 a5 37. g3 Kf5 38. Rc2 Re7 39. Rh2 Nf6 40. Rb2 Ne4 41. Rh2
Nf6 42. e4+ Rxe4 43. Rxh5+ Nxh5 44. g4+ Kg6 45. Kxe4 Nf6+ 46. Kf3 Ne8 47. d5 Nf6
48. Be3 Nd7 49. Bd4 Kg5 50. Kg3 Nb8 51. Be3+ Kg6 52. Kf4 Na6 53. a3 a4 54. Bf2
Nb8 55. Bd4 c6 56. Bxb6 cxd5 57. cxd5 Nd7 58. Bd4 Nf8 59. Bc3 Nd7 60. Ke4 Kg5
61. Bb4 Nf6+ 62. Kd4 Kxg4 63. Bxd6 Kf5 64. Bc7 Nd7 65. Bg3 Kf6 66. Kc4 Ke7 67.
Kb5 Kd8 68. d6 Kc8 69. Kxa4 Nc5+ 70. Kb5 Ne4 71. Kc6 Nxg3 72. a4 Nf5 73. d7+ Kd8
74. a5 Ne7+ 1/2-1/2

[Event "Druzynowe Mistrzostwa Polski - II liga"]
[Site "Sypniewo k. Jastrowia"]
[Date "1899-12-30"]
[Round "7.36"]
[White "Wojcik, Jagoda"]
[Black "Rychlik, Hanna"]
[Result "0-1"]
[WhiteTitle "I++"]
[BlackTitle "k"]
[WhiteElo "1612"]
[BlackElo "2040"]

1. e4 c5 2. Nf3 d6 3. Bb5+ Bd7 4. Qe2 Bxb5 5. Qxb5+ Qd7 6. Qxd7+ Nxd7 7. d4 cxd4
8. Nxd4 Rc8 9. Nc3 Ngf6 10. Be3 Ng4 11. Bd2 Nge5 12. Nd5 Nc4 13. Rb1 Nc5 14. f3
e6 15. Ne3 Nxd2 16. Kxd2 Be7 17. b4 Na4 18. c4 a6 19. Rhc1 O-O 20. f4 Rfd8 21.
f5 d5 22. exd5 exd5 23. c5 Bg5 24. Kd3 Rc7 25. Rc2 Re7 26. Re2 Re4 27. Rbe1 Bf6
28. Nec2 Nb2+ 29. Kc3 Rxe2 30. Rxe2 Nc4 31. Ne3 Ne5 32. a4 Nc6 33. Nc2 g6 34.
fxg6 hxg6 35. Rd2 Rc8 36. Kb3 Ne7 37. Ne3 Kg7 38. g4 Rh8 39. Nf3 Rh3 40. Rf2 Nc6
41. Nc2 Ne5 42. b5 axb5 43. axb5 Nxg4 44. c6 bxc6 45. bxc6 Nxf2 46. Nd4 Bxd4 47.
c7 Rxf3+ 0-1

[Event "Druzynowe Mistrzostwa Polski - II liga"]
[Site "Sypniewo k. Jastrowia"]
[Date "1899-12-30"]
[Round "7.37"]
[White "Schmidt, Wlodzimierz"]
[Black "Stysiak, Szymon"]
[Result "0-1"]
[WhiteTitle "GM"]
[BlackTitle "k"]
[WhiteElo "2196"]
[BlackElo "2193"]

1. d4 Nf6 2. c4 e6 3. Nc3 Bb4 4. Qc2 b6 5. a3 Bxc3+ 6. Qxc3 Bb7 7. Nf3 O-O 8. e3
c5 9. dxc5 bxc5 10. Be2 Qe7 11. O-O d6 12. Rd1 Nbd7 13. b3 Ne4 14. Qc2 f5 15.
Ne1 Rf6 16. f3 Ng5 17. Nd3 e5 18. Nf2 Rg6 19. Kf1 Rf8 20. Bd2 e4 21. f4 Nf3 22.
h3 Qh4 23. Nh1 Nh2+ 24. Kg1 Qxh3 0-1

[Event "Druzynowe Mistrzostwa Polski - II liga"]
[Site "Sypniewo k. Jastrowia"]
[Date "1899-12-30"]
[Round "7.38"]
[White "Stanisz, Patryk"]
[Black "Steczek, Marcin"]
[Result "1/2-1/2"]
[WhiteTitle "k"]
[BlackTitle "FM"]
[WhiteElo "2138"]
[BlackElo "2364"]

1. d4 Nf6 2. c4 c5 3. Nf3 cxd4 4. Nxd4 g6 5. Nc3 Bg7 6. e4 d6 7. Be2 O-O 8. O-O
a6 9. Be3 b6 10. Qd2 Bb7 11. f3 Re8 12. Rac1 Nbd7 13. Rc2 Rc8 14. Rd1 Qc7 15.
Rdc1 Qb8 16. Bf1 e6 17. Qf2 Ba8 18. Rd1 Ne5 19. Nb3 Nfd7 20. c5 bxc5 21. Bxa6
Rcd8 22. Bb5 Bc6 23. Qe2 Nb6 24. Na5 Qa8 25. Nxc6 Nxc6 26. Bxc6 Qxc6 27. Qb5 Rc8
28. Qxc6 Rxc6 29. Nb5 Ra8 30. Rxd6 Rxd6 31. Nxd6 Rxa2 32. Bxc5 Na4 33. Ba3 Bd4+
34. Kf1 Nxb2 35. Bxb2 1/2-1/2

[Event "Druzynowe Mistrzostwa Polski - II liga"]
[Site "Sypniewo k. Jastrowia"]
[Date "1899-12-30"]
[Round "7.39"]
[White "Smagalski, Slawomir"]
[Black "Kaminski, Piotr"]
[Result "1/2-1/2"]
[WhiteTitle "I++"]
[BlackTitle "k"]
[WhiteElo "1939"]
[BlackElo "2109"]

1. Nf3 d5 2. c4 c6 3. b3 Bf5 4. Bb2 e6 5. g3 Nf6 6. Bg2 Nbd7 7. O-O Bc5 8. d3 O-O
9. Nbd2 h6 10. a3 a5 11. Qc2 Rc8 12. Bc3 b5 13. b4 Bb6 14. c5 Ba7 15. Qb2 a4 16.
Rfe1 Bb8 17. Rad1 Qc7 18. e4 Bg4 19. h3 Bh5 20. Ra1 Rfe8 21. e5 Nh7 22. Nf1 Nhf8
23. Nh4 Ng6 24. Nxg6 Bxg6 25. Rad1 Nf8 26. Re3 Qd7 27. Nh2 Bc7 28. f4 Bd8 29.
Nf3 Bh7 30. Rf1 1/2-1/2

[Event "Druzynowe Mistrzostwa Polski - II liga"]
[Site "Sypniewo k. Jastrowia"]
[Date "1899-12-30"]
[Round "7.40"]
[White "Szmyd, Arkadiusz"]
[Black "Smagalski, Jaroslaw"]
[Result "1-0"]
[WhiteTitle "k"]
[BlackTitle "I"]
[WhiteElo "2083"]
[BlackElo "1850"]

1. e4 d6 2. d4 Nf6 3. Nc3 c6 4. Bd3 e5 5. Nge2 b5 6. a3 a6 7. Bg5 Be7 8. O-O h6
9. Bh4 Qb6 10. dxe5 dxe5 11. Bg3 Nbd7 12. Kh1 g5 13. f3 Bb7 14. Bf2 Bc5 15. Bxc5
Nxc5 16. Ng3 Rd8 17. Qe2 Ne6 18. Rfd1 Bc8 19. Qf1 Nf4 20. a4 g4 21. Nf5 Bxf5 22.
exf5 O-O 23. axb5 axb5 24. Qe1 gxf3 25. gxf3 N6h5 26. f6 Kh8 27. Bf5 Rxd1 28.
Rxd1 Qc5 29. Qh4 b4 30. Ne4 Qxc2 31. Rg1 Qe2 32. Qg4 1-0

[Event "Druzynowe Mistrzostwa Polski - II liga"]
[Site "Sypniewo k. Jastrowia"]
[Date "1899-12-30"]
[Round "7.41"]
[White "Walaszczyk, Witold"]
[Black "Boruta, Dawid"]
[Result "1-0"]
[WhiteTitle "k"]
[BlackTitle "I"]
[WhiteElo "2019"]
[BlackElo "1880"]

1. d4 Nf6 2. g3 d5 3. Bg2 c6 4. Nf3 Bf5 5. O-O h6 6. c4 e6 7. Qb3 Qb6 8. c5 Qxb3
9. axb3 Na6 10. Bf4 Nd7 11. Rc1 Be7 12. Nc3 g5 13. Be3 f6 14. Ra4 Nc7 15. b4 a6
16. Nd2 Kf7 17. f3 Rae8 18. Bf2 h5 19. e4 Bg6 20. h3 f5 21. Nb3 g4 22. exd5 exd5
23. Na5 gxf3 24. Bxf3 Bg5 25. Rf1 Rb8 26. h4 Bh6 27. Raa1 Nf6 28. Rae1 Rhe8 29.
Rxe8 Kxe8 30. Re1+ Kd7 31. Re5 Ng4 32. Bxg4 hxg4 33. Na4 Na8 34. Kf1 Bg7 35. Re1
f4 36. gxf4 Bc2 37. Nc3 Nc7 38. f5 Bd3+ 39. Kg2 b6 40. cxb6 Rxb6 41. Na4 Rb5 42.
Nc5+ Rxc5 43. bxc5 Bxf5 44. Be3 Ne6 45. Rd1 Bf6 46. h5 Bd8 47. Nb7 Bc7 48. Nd6
Bxd6 49. cxd6 Kxd6 50. Kg3 c5 51. dxc5+ Nxc5 52. Bxc5+ Kxc5 53. Kf4 Be4 54. Kxg4
d4 55. Kf4 Bh7 56. Rc1+ Kb4 57. Rc7 Bb1 58. h6 1-0

[Event "Druzynowe Mistrzostwa Polski - II liga"]
[Site "Sypniewo k. Jastrowia"]
[Date "1899-12-30"]
[Round "7.42"]
[White "Gonsior, Monika"]
[Black "Bukowska, Katarzyna"]
[Result "1-0"]
[WhiteTitle "m"]
[BlackTitle "k++"]
[WhiteElo "1971"]
[BlackElo "1844"]

1. e4 e5 2. Nc3 Nf6 3. Bc4 Nc6 4. d3 Bc5 5. Bg5 h6 6. Bh4 Be7 7. Bg3 d6 8. Nge2
Na5 9. h3 Nxc4 10. dxc4 O-O 11. Qd3 Bd7 12. O-O-O a6 13. Kb1 c6 14. f4 Qa5 15.
Be1 Qc7 16. c5 d5 17. fxe5 dxe4 18. Qd4 Nd5 19. Nxe4 Be6 20. c4 Bf5 21. Ka1 Bxe4
22. Qxe4 Bxc5 23. cxd5 cxd5 24. Rxd5 Qb6 25. Nc3 Qc6 26. Bg3 1-0